| 000 | 00641nam a22001817a 4500 | ||
|---|---|---|---|
| 005 | 20231025110305.0 | ||
| 008 | 231025b |||||||| |||| 00| 0 eng d | ||
| 020 | _a0702110868 | ||
| 041 | _aEnglish | ||
| 082 | _a347.1 JON | ||
| 100 |
_aBaker PWE, Erasmus HJ and Farlam IG _lEnglish |
||
| 245 |
_aJones and Buckle The Civil Practice of the Magistrates' Courts in South Africa / _cBaker PWE, HJ Erasmus and DE van Loggerenberg |
||
| 250 | _aSeventh Edition | ||
| 260 |
_aCape Town : _bJuta and Company, Ltd, _c1980 |
||
| 300 |
_blxxvii, 455 pages ; _c26,2 cm. |
||
| 650 |
_aLegal Practice _bLaw |
||
| 942 |
_cBK _6ALISON_BN_VRIES |
||
| 999 |
_c48 _d48 |
||